<?xml version="1.0" encoding="UTF-8"?>
<record
    xmlns:xsi="http://www.w3.org/2001/XMLSchema-instance"
    xsi:schemaLocation="http://www.loc.gov/MARC21/slim http://www.loc.gov/standards/marcxml/schema/MARC21slim.xsd"
    xmlns="http://www.loc.gov/MARC21/slim">

  <leader>01775nam a22002657a 4500</leader>
  <controlfield tag="005">20220427152652.0</controlfield>
  <controlfield tag="008">220427b           ||||| |||| 00| 0 eng d</controlfield>
  <datafield tag="020" ind1=" " ind2=" ">
    <subfield code="a">0706915771</subfield>
  </datafield>
  <datafield tag="040" ind1=" " ind2=" ">
    <subfield code="c">Aloy</subfield>
  </datafield>
  <datafield tag="041" ind1=" " ind2=" ">
    <subfield code="a">eng</subfield>
  </datafield>
  <datafield tag="082" ind1=" " ind2=" ">
    <subfield code="2">23</subfield>
    <subfield code="a">954.092</subfield>
    <subfield code="b">DEVP</subfield>
  </datafield>
  <datafield tag="100" ind1=" " ind2=" ">
    <subfield code="a">Gayatri Devi </subfield>
    <subfield code="9">32421</subfield>
  </datafield>
  <datafield tag="100" ind1=" " ind2=" ">
    <subfield code="d">Santha Rama Rau</subfield>
    <subfield code="9">32341</subfield>
  </datafield>
  <datafield tag="245" ind1=" " ind2=" ">
    <subfield code="a">Princess remembers:</subfield>
    <subfield code="b">The Memoirs of the Maharani of Jaipur</subfield>
  </datafield>
  <datafield tag="260" ind1=" " ind2=" ">
    <subfield code="a">Ghziabad</subfield>
    <subfield code="b">Vikas Publishing House Pvt Ltd</subfield>
    <subfield code="c">1982</subfield>
  </datafield>
  <datafield tag="300" ind1=" " ind2=" ">
    <subfield code="a">335p.</subfield>
    <subfield code="b">PB</subfield>
    <subfield code="c">18x12cm</subfield>
  </datafield>
  <datafield tag="365" ind1=" " ind2=" ">
    <subfield code="2">History</subfield>
  </datafield>
  <datafield tag="520" ind1=" " ind2=" ">
    <subfield code="a">She is the daughter of the Maharaja of Cooch Behar and the widow of the Maharaja of Jaipur. She was raised in a sumptuous palace and shot her first panther at the age of twelve. She became one of the first women to win a seat in the Indian Parliament, John F. Kennedy once introduced her as ?the woman with the most staggering majority that anyone has ever earned in an election.? She was also considered one of the world's most beautiful women.In this compelling memoir, Gayatri Devi describes her carefree, hoyden childhood with her brothers and sisters in the palace of Cooch Behar and their adventurous trips to London and the continent, her secret six-year courtship with the dashing, internationally renowned polo player, Jai, the Maharaja of Jaipur, her marriage and entry into the glittering life of the 'pink city' of Jaipur and her struggles to adapt to unfamiliar customs and her husband's two other wives.A Princess Remembers is the fascinating life story of one of India's most elegant women and one of its most powerful.</subfield>
  </datafield>
  <datafield tag="650" ind1=" " ind2=" ">
    <subfield code="a">Autobiography</subfield>
    <subfield code="9">32342</subfield>
  </datafield>
  <datafield tag="650" ind1=" " ind2=" ">
    <subfield code="a">Indian History</subfield>
    <subfield code="9">32343</subfield>
  </datafield>
  <datafield tag="650" ind1=" " ind2=" ">
    <subfield code="a">Princess</subfield>
    <subfield code="9">32344</subfield>
  </datafield>
  <datafield tag="700" ind1=" " ind2=" ">
    <subfield code="a">DEVI (Gayatri)</subfield>
    <subfield code="9">32345</subfield>
  </datafield>
  <datafield tag="700" ind1=" " ind2=" ">
    <subfield code="a">RAU (Santha Rama)</subfield>
    <subfield code="9">32346</subfield>
  </datafield>
  <datafield tag="942" ind1=" " ind2=" ">
    <subfield code="2">ddc</subfield>
    <subfield code="c">GF</subfield>
  </datafield>
  <datafield tag="999" ind1=" " ind2=" ">
    <subfield code="c">222670</subfield>
    <subfield code="d">222670</subfield>
  </datafield>
  <datafield tag="952" ind1=" " ind2=" ">
    <subfield code="0">0</subfield>
    <subfield code="1">0</subfield>
    <subfield code="2">ddc</subfield>
    <subfield code="4">0</subfield>
    <subfield code="7">0</subfield>
    <subfield code="8">HIS</subfield>
    <subfield code="a">AL</subfield>
    <subfield code="b">AL</subfield>
    <subfield code="d">2013-03-24</subfield>
    <subfield code="l">0</subfield>
    <subfield code="o">954.092 DEVP</subfield>
    <subfield code="p">GF02127</subfield>
    <subfield code="r">2022-04-27 00:00:00</subfield>
    <subfield code="w">2022-04-27</subfield>
    <subfield code="y">GF</subfield>
  </datafield>
</record>
